| 000 | 00888nam a2200205 a 4500 | ||
|---|---|---|---|
| 008 | 150511s2004 ||||||||||||||||| || u | ||
| 020 | _a9781842772430 | ||
| 050 | _aTD 345 Hun | ||
| 100 | _aHunt, Constance Elizabeth | ||
| 245 | 1 | 0 |
_aThirsty planet: strategies for sustainable water management _cBy Constance Elizabeth Hunt |
| 260 |
_aLondon _bZed Books Ltd _c2004 |
||
| 300 | _axiv, 302p.: ill. | ||
| 350 | _a38.48 | ||
| 650 | 7 |
_aNATURE CONSERVATION _2unbist |
|
| 650 | _aWATER SUPPLY MANAGEMENT | ||
| 650 | _aHYDROLOGIC CYCLE | ||
| 650 | _aWATER USE | ||
| 995 |
_aMAIN LIBRARY OPEN ACCESS _e745351 _FCBU-MAIN LIBRARY (Kitwe) _I38.48 _jTD 345 Hun _M1 _UAVAILABLE _WMay 14, 2015 _y745351 _ZMain Library Open Access Collection |
||
| 995 |
_aMAIN LIBRARY OPEN ACCESS _e745476 _FCBU-MAIN LIBRARY (Kitwe) _I38.48 _jTD 345 Hun _M2 _UAVAILABLE _WMay 27, 2015 _y745476 _ZMain Library Open Access Collection |
||
| 999 |
_c81309 _d81309 |
||